00879nam a2200193Ia 4500008004100000020002200041082001700063100002200080245012800102250000600230260002800236300001100264500003500275650006800310700010200378952009400480952009400574999001700668120629s9999 xx 000 0 und d a978-970-10-5634-9 a658.15 R826f aRoss, Stephen A. aFundamentos de finanzas corporativas / Stephen A. Ross; Randolph W. Westerfield, Bradford D. Jordan; Guadalupe Meza Staines a7 aMéxico : Mc Graw Hill a844 p. aApéndices, CD-ROM e índice a1. SOCIEDADES ANONIMAS-FINANZAS \ 2. ADMINISTRACION FINANCIERA aWesterfield,Randolph W.; coaut. \ Jordan, Bradford D.; coaut. \ Meza Staines, Guadalupe; tr.Ì 00104070a15b15d2009-12-01l0o658.15 R826Fp15 003447r2017-12-07t1w2012-06-28yLB 00104070a15b15d2009-12-01l0o658.15 R826Fp15 003448r2017-12-07t2w2012-06-28yLB c76743d76743